Quel film appartient a qui ? - click quiz - Statistiques

Statistiques générales
  • Ce quiz a été pris 138 fois
  • Le résultat moyen est 18 sur 24
Statistiques - réponses
Hint Réponse % Correct
Men in Black Will Smith
95%
Pirates des Caraïbes Johnny Depp
94%
Titanic Leonardo DiCaprio
94%
Le loup de Wall Street Leonardo DiCaprio
94%
Mercredi Jenna Ortega
93%
Charlie et la Chocolaterie Johnny Depp
91%
Edward aux mains d'argent Johnny Depp
90%
Matrix Keanu Reeves
87%
John Wick Keanu Reeves
86%
Alice au pays des merveilles Johnny Depp
85%
Je suis une légende Will Smith
85%
Le Cinquième Élément Bruce Willis
82%
I, Robot Will Smith
80%
Roméo + Juliette Leonardo DiCaprio
79%
Armageddon Bruce Willis
77%
The Revenant Leonardo DiCaprio
77%
Miller's Girl Jenna Ortega
70%
Une journée en enfer Bruce Willis
69%
Hancock Will Smith
60%
Beetlejuice Beetlejuice Jenna Ortega
58%
Death of a Unicorn Jenna Ortega
49%
Knock Knock Keanu Reeves
41%
Vendetta Bruce Willis
37%
Ballerina Keanu Reeves
35%
Aucun quiz correspondant
Distribution des résultats
% des personnes avec chaque résultat
Percentile par nombre de réponses
Votre historique - résultats
Vous n’avez pas pris ce quiz